[Event "Gibtelecom Masters"]
[Site "Gibraltar ENG"]
[Date "2006.01.25"]
[Round "2"]
[White "Gomes,M"]
[Black "Almer,J"]
[Result "1-0"]
[WhiteElo "2231"]
[BlackElo "1848"]
[EventDate "2006.01.24"]

1. Nf3 Nf6 2. c4 e6 3. g3 b6 4. Bg2 Bb7 5. O-O Be7 6. b3 O-O 7. Bb2 d5 8.
d4 Nbd7 9. Nc3 c5 10. e3 Rc8 11. Ne5 Qc7 12. cxd5 cxd4 13. exd4 Nxd5 14.
Nb5 Qd8 15. Nxa7 Ra8 16. Nac6 Qe8 17. Bxd5 exd5 18. Re1 Nxe5 19. Nxe7+ Qxe7
20. dxe5 Qe6 21. Qd4 Rfc8 22. Rec1 Rxc1+ 23. Bxc1 Ba6 24. Bb2 Be2 25. Qe3
Qg4 26. h3 Qf3 27. Qxb6 Qf5 28. Re1 Bf3 29. e6 fxe6 30. Qb7 Qf8 31. Rxe6 d4
32. Qb5 Rd8 33. Qe5 Qf7 34. Bxd4 Rc8 35. Bc3 Rd8 36. Re7 Rd1+ 37. Be1 1-0

[Event "Gibtelecom Masters"]
[Site "Gibraltar ENG"]
[Date "2006.01.25"]
[Round "2"]
[White "Gonzalez Amaya,M"]
[Black "Spence,D"]
[Result "0-1"]
[WhiteElo "1892"]
[BlackElo "2221"]
[EventDate "2006.01.24"]

1. e4 e6 2. d4 d5 3. Nc3 Bb4 4. e5 c5 5. a3 Ba5 6. Nf3 cxd4 7. Qxd4 Ne7 8.
Bd2 Nbc6 9. Qg4 O-O 10. Bd3 Ng6 11. Qg3 Bc7 12. Bxg6 hxg6 13. Nb5 Bb8 14.
Nd6 Bxd6 15. exd6 e5 16. O-O Qxd6 17. Rfe1 Re8 18. Bf4 f6 19. Qxg6 Be6 20.
Bg3 Qd7 21. Nh4 Ne7 22. Qd3 e4 23. Qe2 g5 24. Nf3 Bg4 0-1

[Event "Gibtelecom Masters"]
[Site "Gibraltar ENG"]
[Date "2006.01.25"]
[Round "2"]
[White "Slimani,A"]
[Black "Hamer,M"]
[Result "0-1"]
[WhiteElo "1956"]
[BlackElo "2000"]
[EventDate "2006.01.24"]

1. e4 Nf6 2. e5 Nd5 3. d4 d6 4. Nf3 dxe5 5. Nxe5 g6 6. Bc4 c6 7. O-O Bg7 8.
Re1 Nd7 9. Bb3 Nxe5 10. dxe5 Be6 11. Qe2 O-O 12. Bg5 a5 13. a4 h6 14. Bd2
Nc7 15. Ra3 Bxb3 16. Rxb3 Ne6 17. Rh3 h5 18. Nc3 Nd4 19. Qe4 Nf5 20. Rd3
Qc8 21. Nd1 Rd8 22. Ne3 Nxe3 23. Rexe3 e6 24. Rxd8+ Qxd8 25. Rd3 Qc7 26.
Bc3 Rd8 27. f4 Rd5 28. Rxd5 cxd5 29. Qd3 Bf8 30. Bd4 Bc5 31. c3 Qb6 32.
Bxc5 Qxc5+ 33. Qd4 Qc6 34. Kf2 b5 35. axb5 Qxb5 36. Qd2 Qb6+ 37. Kf1 Qb3
38. g3 Kf8 39. Ke2 Ke7 40. Qc1 Qa2 41. Qc2 a4 42. Kd2 Kd7 43. Kc1 Kc6 44.
Qd3 Qc4 45. Qxc4+ dxc4 46. Kb1 g5 47. Ka2 gxf4 48. gxf4 Kd5 49. Ka3 Ke4 50.
Kb4 Kxf4 51. Kxc4 Kxe5 52. Kb4 f5 53. c4 f4 54. Kc3 Kd6 0-1

[Event "Gibtelecom Masters"]
[Site "Gibraltar ENG"]
[Date "2006.01.25"]
[Round "2"]
[White "Schiller,E"]
[Black "Elamri,L"]
[Result "1-0"]
[WhiteElo "2188"]
[BlackElo "1921"]
[EventDate "2006.01.24"]

1. d4 Nf6 2. Nf3 g6 3. c4 Bg7 4. Nc3 O-O 5. e3 d6 6. Be2 Nbd7 7. O-O e5 8.
b4 Qe7 9. a4 c6 10. a5 Ne8 11. Bb2 f5 12. b5 Ndf6 13. dxe5 dxe5 14. Ba3 c5
15. Nd5 Qd6 16. Nxf6+ Bxf6 17. Qxd6 Nxd6 18. Bxc5 Rd8 19. Bxd6 Rxd6 20. c5
Rd8 21. Bc4+ Kg7 22. Rad1 e4 23. Nd4 a6 24. bxa6 bxa6 25. Nc6 Re8 26. Rd6
Be7 27. Nxe7 Rxe7 28. Rb1 Rc7 29. Bd5 Raa7 30. Rc6 Rxc6 31. Bxc6 Kf6 32. f3
exf3 33. gxf3 Ke7 34. Rb6 Rc7 35. Kf2 g5 36. Kg3 Bd7 37. Bxd7 Kxd7 38. Rxa6
Rxc5 39. Ra7+ Kc6 40. a6 Kb6 41. Rxh7 Kxa6 42. Rg7 Rc3 43. Rxg5 Rxe3 44.
Rxf5 Kb6 45. Rd5 Kc6 46. Rd2 Re7 47. f4 Rg7+ 48. Kf3 Rh7 49. f5 Rf7 50. Kg4
1-0

[Event "Gibtelecom Masters"]
[Site "Gibraltar ENG"]
[Date "2006.01.26"]
[Round "3"]
[White "Gilbert,Je"]
[Black "Areshchenko,A"]
[Result "0-1"]
[WhiteElo "2098"]
[BlackElo "2670"]
[EventDate "2006.01.24"]

1. d4 Nf6 2. c4 g6 3. Nc3 Bg7 4. e4 d6 5. f3 O-O 6. Bg5 c5 7. d5 h6 8. Be3
e6 9. Qd2 exd5 10. cxd5 Re8 11. Nge2 Nbd7 12. Bxh6 Nxe4 13. Nxe4 Qh4+ 14.
g3 Qxh6 15. Qxh6 Bxh6 16. Nxd6 Rd8 17. Bh3 f5 18. Nxc8 Raxc8 19. Rd1 Nb6
20. g4 Nxd5 21. gxf5 Ne3 22. Rxd8+ Rxd8 23. Rg1 Nc2+ 24. Kf1 Rd1+ 25. Kg2
Rd2 26. Kf1 Bg7 27. Rxg6 Kf7 28. b3 Ne3+ 29. Ke1 Rxa2 30. Rd6 b5 31. Rd7+
Kf8 32. Rc7 Bf6 33. Rh7 c4 34. bxc4 bxc4 35. f4 c3 36. Kf2 Nd5 37. Kf3 c2
38. Rh6 Ra3+ 39. Kf2 Rxh3 40. Rxh3 Nxf4 41. Rh6 Bd4+ 0-1

[Event "Gibtelecom Masters"]
[Site "Gibraltar ENG"]
[Date "2006.01.26"]
[Round "3"]
[White "Spraggett,K"]
[Black "Shaw,J"]
[Result "1-0"]
[WhiteElo "2581"]
[BlackElo "2432"]
[EventDate "2006.01.24"]

1. e4 d5 2. exd5 Qxd5 3. Nf3 Bg4 4. Be2 Nc6 5. d4 O-O-O 6. c4 Qf5 7. Be3
Bxf3 8. Bxf3 Nxd4 9. Bxd4 Qe6+ 10. Be2 Qe4 11. O-O Rxd4 12. Nd2 Qf4 13. Qa4
Rxd2 14. Rad1 Nf6 15. Qxa7 Nd7 16. Bf3 c6 17. Rxd2 Qxd2 18. Rd1 Qh6 19. b4
Qe6 20. b5 g6 21. bxc6 bxc6 22. a4 Bg7 23. a5 Nc5 24. Qxc5 Rd8 25. Rb1 Bd4
26. Qb4 Kd7 27. a6 Ke8 28. Qb7 Qf5 29. Rf1 Qc5 30. Qc7 Qb6 31. Qxc6+ Kf8
32. Qxb6 Bxb6 33. Rb1 Rd6 34. Ra1 Ba7 35. c5 Rd7 36. c6 Rc7 37. Kf1 e5 38.
Ra5 f6 39. g4 Bd4 40. Be4 Ke7 41. Ke2 Kd6 42. f4 Ra7 43. fxe5+ Bxe5 44. h3
Kc7 45. Ra3 Kb6 46. Rb3+ Kc7 47. Bd3 Kxc6 48. Be4+ Kd6 49. Bb7 Ke7 50. Rb6
Kf7 51. Kf3 Kg7 52. Re6 Kf7 53. Rc6 h5 54. gxh5 gxh5 55. Rc8 h4 56. Kg4 Bg3
57. Kf5 Ke7 58. Rc6 Be5 59. Rc4 Bg3 60. Rd4 Bf2 61. Re4+ Kf7 62. Re6 Bg3
63. Rxf6+ Ke7 64. Kg6 Kd7 65. Kf7 Kc7 66. Ke8 Rxb7 67. Rf7+ Kb6 68. axb7
Ka7 69. Rd7 Kb8 70. Kf7 Bc7 71. Rd4 1-0

[Event "Gibtelecom Masters"]
[Site "Gibraltar ENG"]
[Date "2006.01.26"]
[Round "3"]
[White "Kunte,A"]
[Black "Aaberg,A"]
[Result "1/2-1/2"]
[WhiteElo "2551"]
[BlackElo "2383"]
[EventDate "2006.01.24"]

1. e4 c5 2. Nf3 Nc6 3. d4 cxd4 4. Nxd4 Nf6 5. Nc3 e5 6. Ndb5 d6 7. Bg5 a6
8. Na3 b5 9. Nd5 Be7 10. Bxf6 Bxf6 11. c3 Bg5 12. Nc2 O-O 13. a4 bxa4 14.
Rxa4 a5 15. Bc4 Rb8 16. Ra2 Kh8 17. Nce3 Ne7 18. O-O Nxd5 19. Nxd5 Qd7 20.
b3 Bd8 21. Kh1 Bb7 22. f4 exf4 23. Rxf4 Bxd5 24. Qxd5 Rb7 25. Raf2 Bb6 26.
R2f3 Rc7 27. Rxf7 Qxf7 28. Rxf7 Rcxf7 29. Qxf7 Rxf7 30. Bxf7 g6 31. Be8 Kg7
32. g3 Kf6 33. Kg2 Be3 34. b4 axb4 35. cxb4 Bd2 36. b5 Ba5 37. Kf3 Ke5 38.
h4 d5 39. exd5 Kxd5 40. g4 Be1 41. b6 Kd6 1/2-1/2

[Event "Gibtelecom Masters"]
[Site "Gibraltar ENG"]
[Date "2006.01.26"]
[Round "3"]
[White "Arizmendi Martinez,J"]
[Black "Smith,AP"]
[Result "1-0"]
[WhiteElo "2534"]
[BlackElo "2200"]
[EventDate "2006.01.24"]

1. e4 c5 2. Nf3 Nc6 3. d4 cxd4 4. Nxd4 Qb6 5. Nb3 Nf6 6. Nc3 e6 7. a3 Be7
8. Bf4 O-O 9. Bd6 Ng4 10. Bg3 Nge5 11. f4 Ng6 12. Bf2 Qc7 13. g3 a6 14. Bg2
b5 15. O-O d6 16. Qd2 Rb8 17. Ne2 Re8 18. Rfc1 Nf8 19. a4 bxa4 20. Rxa4 Nd7
21. Qc3 Nb6 22. Ra2 Qd7 23. Rd1 Na7 24. Nc5 Qb5 25. Nxa6 Qxe2 26. Re1 Nb5
27. Qa5 Qh5 28. Nxb8 Nc4 29. Qb4 Bb7 30. Qxc4 Rxb8 31. g4 Qxg4 32. Qxb5 1-0

[Event "Gibtelecom Masters"]
[Site "Gibraltar ENG"]
[Date "2006.01.26"]
[Round "3"]
[White "Ganguly,S"]
[Black "Mohamed,MA"]
[Result "1-0"]
[WhiteElo "2579"]
[BlackElo "2107"]
[EventDate "2006.01.24"]

1. e4 e5 2. Nf3 Nf6 3. Nxe5 d6 4. Nf3 Nxe4 5. d4 d5 6. Bd3 Bd6 7. O-O Bf5
8. Re1 O-O 9. c4 c6 10. cxd5 cxd5 11. Nc3 Nxc3 12. bxc3 Bxd3 13. Qxd3 Qc7
14. Ng5 g6 15. Qh3 h5 16. g4 Qd7 17. gxh5 Qxh3 18. Nxh3 gxh5 19. Bf4 Ba3
20. Re5 f6 21. Rxd5 Nc6 22. Rb1 b6 23. Rxh5 Rac8 24. Bd2 Na5 25. Nf4 Nc4
26. Kh1 Rf7 27. Ne6 Rh7 28. Rg1+ Kh8 29. Bh6 Rg8 30. Bg7+ Rgxg7 31. Nxg7
1-0

[Event "Gibtelecom Masters"]
[Site "Gibraltar ENG"]
[Date "2006.01.26"]
[Round "3"]
[White "Bakre,T"]
[Black "Cannon,Ri"]
[Result "1-0"]
[WhiteElo "2480"]
[BlackElo "2087"]
[EventDate "2006.01.24"]

1. e4 e6 2. d4 d5 3. Nd2 Nf6 4. e5 Nfd7 5. Bd3 c5 6. c3 Nc6 7. Ngf3 cxd4 8.
cxd4 Be7 9. O-O g5 10. b3 g4 11. Ne1 f5 12. exf6 Nxf6 13. Nc2 Qc7 14. Re1
Bd7 15. Nf1 O-O-O 16. Bb2 Bd6 17. b4 Kb8 18. b5 Na5 19. Nce3 Nc4 20. Bxc4
dxc4 21. a4 Bb4 22. Re2 c3 23. Rc1 Rc8 24. Qb3 Ba5 25. Ba3 Qf4 26. Nc4 Rxc4
27. Qxc4 Rc8 28. Qd3 Bb4 29. g3 Qd6 30. Bxb4 Qxb4 31. Rec2 Nd5 32. Ne3 Nb6
33. Rxc3 Rf8 34. Rb1 Qe7 35. a5 Nc8 36. Qe4 Nd6 37. Qe5 Ka8 38. Rbc1 Qf7
39. R3c2 Nxb5 40. Qxb5 1-0

[Event "Gibtelecom Masters"]
[Site "Gibraltar ENG"]
[Date "2006.01.26"]
[Round "3"]
[White "Carlsson,P"]
[Black "Vinas Guerrero,C"]
[Result "1-0"]
[WhiteElo "2430"]
[BlackElo "2160"]
[EventDate "2006.01.24"]

1. e4 c5 2. Nc3 d6 3. Nf3 Nf6 4. d4 cxd4 5. Nxd4 a6 6. Bg5 e6 7. f4 Nbd7 8.
Qf3 Qc7 9. O-O-O Be7 10. g4 O-O 11. Bxf6 Bxf6 12. g5 Be7 13. h4 b5 14. f5
Ne5 15. Qg3 Re8 16. Bh3 Bf8 17. g6 hxg6 18. fxe6 Bxe6 19. Bxe6 fxe6 20. h5
gxh5 21. Rxh5 g6 22. Rdh1 Bg7 23. Rh7 Qe7 24. Qh3 Nf7 25. Rxg7+ Kxg7 26.
Qh7+ Kf8 27. Rf1 Qg5+ 28. Kb1 Ra7 29. Qh8+ Ke7 30. Nc6+ Kd7 31. Rxf7+ Kxc6
32. Qxe8+ Kc5 33. Qc8+ 1-0

[Event "Gibtelecom Masters"]
[Site "Gibraltar ENG"]
[Date "2006.01.26"]
[Round "3"]
[White "Flores Chico,J"]
[Black "Arakhamia,K"]
[Result "0-1"]
[WhiteElo "2136"]
[BlackElo "2426"]
[EventDate "2006.01.24"]

1. e4 c5 2. Nf3 Nc6 3. d4 cxd4 4. Nxd4 Nf6 5. Nc3 e5 6. Ndb5 d6 7. Bg5 a6
8. Bxf6 gxf6 9. Na3 f5 10. exf5 Bxf5 11. Nd5 Bg7 12. Nc4 O-O 13. Nde3 Be6
14. Qxd6 Qf6 15. Bd3 Rac8 16. O-O Rfd8 17. Qa3 Bf8 18. Qa4 b5 19. Qxa6 bxc4
20. Bxc4 Nb4 21. Qa4 Bxc4 22. Nxc4 Rxc4 23. a3 Rxc2 24. axb4 Rdd2 25. Qb3
Rxb2 26. Qg3+ Qg7 27. Qe3 Re2 28. Qd3 e4 29. Qd5 Rbd2 30. Qb5 e3 31. Ra8
Rxf2 0-1

[Event "Gibtelecom Masters"]
[Site "Gibraltar ENG"]
[Date "2006.01.26"]
[Round "3"]
[White "Bellon Lopez,JuM"]
[Black "Goodger,M"]
[Result "1-0"]
[WhiteElo "2415"]
[BlackElo "2135"]
[EventDate "2006.01.24"]

1. c4 f5 2. Nc3 Nf6 3. e4 fxe4 4. g4 h6 5. Bg2 d5 6. cxd5 Bxg4 7. Qb3 Qc8
8. Nxe4 Nbd7 9. d3 Nb6 10. h3 Bh5 11. Be3 Bf7 12. Nc3 c6 13. Bxb6 axb6 14.
Nge2 Nxd5 15. Nxd5 Bxd5 16. Bxd5 cxd5 17. Qxd5 Ra5 18. Qe4 Qc6 19. a3 e5
20. Rc1 Qxe4 21. dxe4 Rc5 22. Nc3 Be7 23. Ke2 O-O 24. Na4 Rxc1 25. Rxc1 b5
26. Nb6 Rf4 27. Nd5 Rf7 28. Rc8+ Bf8 29. Re8 Kh7 30. Rxe5 Bd6 31. Re6 Bc5
32. f4 Bd4 33. b4 Bb2 34. f5 Bxa3 35. h4 h5 36. Kd3 Bb2 37. Nf4 Rd7+ 38.
Kc2 Bf6 39. Ng6 Rc7+ 40. Kd3 Rc3+ 41. Ke2 Rc2+ 42. Kd1 Rc8 43. e5 Bxh4 44.
Nxh4 Rc4 45. Ng6 h4 46. Re8 Kh6 47. e6 Kg5 48. e7 Rd4+ 49. Kc2 1-0

[Event "Gibtelecom Masters"]
[Site "Gibraltar ENG"]
[Date "2006.01.26"]
[Round "3"]
[White "Roy Chowdhury,S"]
[Black "Hutchinson,N"]
[Result "1-0"]
[WhiteElo "2393"]
[BlackElo "2118"]
[EventDate "2006.01.24"]

1. d4 Nf6 2. Nf3 e6 3. e3 b6 4. Bd3 Bb7 5. c4 d5 6. O-O Bd6 7. Nc3 O-O 8.
b3 a6 9. Bb2 Nbd7 10. cxd5 exd5 11. Ne2 Qe7 12. Rc1 Ne4 13. Rc2 f5 14. Qa1
Rae8 15. Rd1 Rf7 16. Nc1 g5 17. Bf1 g4 18. Ne5 Nxe5 19. dxe5 Bxe5 20. Bxe5
Qxe5 21. Qxe5 Rxe5 22. Nd3 Re8 23. b4 c6 24. a4 Nd6 25. Nf4 Re4 26. Rd4
Rfe7 27. Ne2 Kg7 28. Rxe4 fxe4 29. Nd4 Kf6 30. Bxa6 Bxa6 31. Rxc6 Rd7 32.
Rxb6 Bc4 33. a5 Ke7 34. a6 Bxa6 35. Rxa6 Rb7 36. h3 gxh3 37. gxh3 Kd7 38.
Ra5 Rxb4 39. Rxd5 Rb8 40. Kf1 Rg8 41. Nb5 Rg6 42. Rxd6+ Rxd6 43. Nxd6 Kxd6
44. Kg2 Ke5 45. Kg3 Kf5 46. Kh4 1-0

[Event "Gibtelecom Masters"]
[Site "Gibraltar ENG"]
[Date "2006.01.26"]
[Round "3"]
[White "Peek,Mar"]
[Black "Fox,An"]
[Result "1-0"]
[WhiteElo "2375"]
[BlackElo "2104"]
[EventDate "2006.01.24"]

1. d4 Nf6 2. c4 e6 3. Nf3 d5 4. Nc3 Be7 5. Bg5 O-O 6. e3 h6 7. Bxf6 Bxf6 8.
Qd2 dxc4 9. Bxc4 Nd7 10. Ne4 e5 11. d5 Nb6 12. Bb3 a5 13. a3 a4 14. Ba2 Bf5
15. Nc3 Qd7 16. h3 Rfd8 17. e4 Bg6 18. Qe3 Ra5 19. O-O Nc8 20. Rac1 Nd6 21.
Rc2 Rc8 22. Rd1 Bh5 23. Ne2 Bxf3 24. Qxf3 Qe7 25. Nc3 g6 26. g3 h5 27. h4
Bg7 28. Qe2 Qd7 29. Kh2 Bh6 30. Bc4 Rc5 31. Bd3 Rf8 32. Nxa4 Rxc2 33. Bxc2
b6 34. Nc3 Qe7 35. b4 Kg7 36. Re1 Ra8 37. Ra1 Qf6 38. Kg2 Qe7 39. Bd3 Ne8
40. Nb5 Nf6 41. Ra2 Ne8 42. Rc2 Kg8 43. Rc6 Bf8 44. Qc2 Qd8 45. Qc3 Bd6 46.
Kg1 Kh7 47. Bf1 Kg8 48. Bh3 Kh7 49. Kg2 Kg8 50. Qd3 Kh7 51. Rc3 Kg8 52. Qc4
Kf8 53. Qc6 Ke7 54. Rc4 Kf8 55. Qd7 Qe7 56. Kf1 Qf6 57. Ke2 Qe7 58. Rc3 Rd8
59. Qxe7+ Kxe7 60. Na7 Ra8 61. Nc6+ Kf8 62. Kd3 Nf6 63. f3 Ke8 64. Kc4 Ng8
65. Kb5 Nf6 66. a4 Nd7 67. Bxd7+ Kxd7 68. a5 bxa5 69. bxa5 f6 70. a6 Kc8
71. Rb3 Bf8 72. a7 1-0

[Event "Gibtelecom Masters"]
[Site "Gibraltar ENG"]
[Date "2006.01.26"]
[Round "3"]
[White "Nimmy,A"]
[Black "Quillan,G"]
[Result "1-0"]
[WhiteElo "2123"]
[BlackElo "2356"]
[EventDate "2006.01.24"]

1. e4 e6 2. d4 d5 3. exd5 exd5 4. Bd3 Nc6 5. c3 Bd6 6. Nf3 Nge7 7. O-O Bg4
8. Re1 Qd7 9. Nbd2 O-O-O 10. h3 Bh5 11. b4 f6 12. Qa4 g5 13. b5 Nb8 14. Ba3
Bg6 15. Bf1 h5 16. c4 Bxa3 17. Qxa3 Nf5 18. Qxa7 g4 19. Nb3 Nd6 20. Nh4 Be4
21. a4 f5 22. c5 gxh3 23. cxd6 hxg2 24. Be2 Qxd6 25. Nc5 Rdf8 26. Qxb7+ Kd8
27. Qxb8+ Ke7 28. Ng6+ Kf6 29. Nxf8 h4 30. Qe8 h3 31. Qg6+ Ke7 32. Qg7+ 1-0

[Event "Gibtelecom Masters"]
[Site "Gibraltar ENG"]
[Date "2006.01.26"]
[Round "3"]
[White "Houska,Jo"]
[Black "Vea,O"]
[Result "1-0"]
[WhiteElo "2355"]
[BlackElo "2099"]
[EventDate "2006.01.24"]

1. e4 e5 2. Nf3 d6 3. Nc3 Nc6 4. g3 f5 5. d3 Nf6 6. Bg2 Be6 7. O-O Qd7 8.
Ng5 Bg8 9. exf5 Qxf5 10. Bh3 Qg6 11. f4 h6 12. Nge4 Nxe4 13. dxe4 exf4 14.
Nd5 Kd8 15. Nxf4 Qxe4 16. Bg2 Qe8 17. Ng6 Bc4 18. Nxh8 Be7 19. Rf4 Be6 20.
Qe2 Kd7 21. Bd2 Qxh8 22. Bxc6+ 1-0

[Event "Gibtelecom Masters"]
[Site "Gibraltar ENG"]
[Date "2006.01.26"]
[Round "3"]
[White "Straub,P"]
[Black "Klinova,M"]
[Result "0-1"]
[WhiteElo "2086"]
[BlackElo "2353"]
[EventDate "2006.01.24"]

1. d4 d6 2. Nf3 Nf6 3. g3 g6 4. Bg2 Bg7 5. O-O O-O 6. c4 Nc6 7. Nc3 Bf5 8.
d5 Na5 9. Nd4 Bd7 10. b3 c5 11. Nc2 a6 12. Bb2 b5 13. Qd3 Rb8 14. Rab1 Qc7
15. e4 bxc4 16. bxc4 e6 17. Ba1 exd5 18. Nxd5 Nxd5 19. Bxg7 Kxg7 20. exd5
Bf5 21. Be4 Bxe4 22. Qxe4 Kg8 23. Ne3 h5 24. f4 Rbe8 25. Qd3 Qe7 26. Kf2
Qf6 27. Nc2 Rb8 28. Kg1 Rfe8 29. Rfe1 Rxe1+ 30. Rxe1 Rb2 31. a3 Rb3 32.
Re8+ Kh7 33. Qe2 Rb1+ 34. Kf2 Rb2 35. Re3 Nb3 36. Kf1 Na1 37. Qd1 Rxc2 38.
Re1 Ra2 0-1

[Event "Gibtelecom Masters"]
[Site "Gibraltar ENG"]
[Date "2006.01.26"]
[Round "3"]
[White "Coimbra,M"]
[Black "Mohota,N"]
[Result "1/2-1/2"]
[WhiteElo "2083"]
[BlackElo "2318"]
[EventDate "2006.01.24"]

1. e4 c5 2. Nc3 a6 3. g3 b5 4. Bg2 Bb7 5. d3 e6 6. f4 Nf6 7. Nf3 d6 8. O-O
Nbd7 9. Qe2 b4 10. Nd1 Qc7 11. Ne3 h5 12. c3 a5 13. f5 e5 14. c4 Be7 15.
Bd2 Nb6 16. Rae1 Bc8 17. h3 Bd7 18. g4 hxg4 19. hxg4 O-O-O 20. Kf2 g6 21.
Rh1 gxf5 22. Rxh8 Rxh8 23. gxf5 Qd8 24. Rh1 Rg8 25. Ke1 Ba4 26. Bc1 Rg7 27.
Qf1 Qg8 28. Rh2 Rh7 29. Qh1 Rxh2 30. Qxh2 Nbd7 31. Bf1 Bc6 32. Bd2 Kc7 33.
Kd1 a4 34. Kc1 Qa8 35. Ng5 Qg8 36. Nf3 Qg7 37. Qg2 Qf8 38. Ng4 Nxg4 39.
Qxg4 Nf6 40. Qh3 Qg8 41. Ng5 Nd7 42. Qh5 Bxg5 43. Qxg5 Qh8 44. Qh6 Qg8 45.
Qg5 Qh8 46. Qh6 1/2-1/2

[Event "Gibtelecom Masters"]
[Site "Gibraltar ENG"]
[Date "2006.01.26"]
[Round "3"]
[White "Bakker,S"]
[Black "Stock,T"]
[Result "1-0"]
[WhiteElo "2308"]
[BlackElo "2083"]
[EventDate "2006.01.24"]

1. d4 Nf6 2. c4 g6 3. Nc3 Bg7 4. e4 d6 5. f3 O-O 6. Be3 c5 7. Nge2 Nc6 8.
d5 Ne5 9. Ng3 e6 10. Be2 exd5 11. cxd5 a6 12. a4 Bd7 13. h3 Ne8 14. O-O b5
15. f4 Nc4 16. Bxc4 bxc4 17. e5 dxe5 18. f5 Nd6 19. Bxc5 Nxf5 20. Nxf5 Bxf5
21. Bxf8 Bxf8 22. Qf3 Ra7 23. Ne4 Qb6+ 24. Kh1 Qxb2 25. g4 Bxe4 26. Qxe4
Qb3 27. Rf3 Qb2 28. Rb1 Qd4 29. Qxd4 exd4 30. Rf4 Bc5 31. Rb8+ Kg7 32. Rc8
Bb6 33. Rxc4 Rd7 34. Rc6 Rb7 35. Rf3 Bd8 36. Rd3 Rb1+ 37. Kg2 Rb2+ 38. Kf3
Bb6 39. a5 Bxa5 40. Rxd4 Bb6 41. Rd3 Bd8 42. Rc8 1-0

[Event "Gibtelecom Masters"]
[Site "Gibraltar ENG"]
[Date "2006.01.26"]
[Round "3"]
[White "Agdestein,Em"]
[Black "Nadig,K"]
[Result "1-0"]
[WhiteElo "2053"]
[BlackElo "2237"]
[EventDate "2006.01.24"]

1. Nc3 g6 2. e4 Bg7 3. f4 c5 4. Nf3 Nc6 5. Bc4 e6 6. f5 Nge7 7. fxe6 fxe6
8. d3 d5 9. Bb3 b5 10. O-O O-O 11. Nxb5 Qb6 12. c4 d4 13. Qe1 e5 14. Qh4
Bd7 15. Bh6 Bxh6 16. Qxh6 Rf7 17. Ng5 Rg7 18. Rf2 Nf5 19. exf5 Bxf5 20.
Raf1 Ne7 21. g4 Qd8 22. gxf5 Nxf5 23. Rxf5 gxf5 24. Qxg7+ 1-0

[Event "Gibtelecom Masters"]
[Site "Gibraltar ENG"]
[Date "2006.01.26"]
[Round "3"]
[White "Schuurman,P"]
[Black "Matto,M"]
[Result "1-0"]
[WhiteElo "2234"]
[BlackElo "1954"]
[EventDate "2006.01.24"]

1. d4 f5 2. g3 Nf6 3. Bg2 e6 4. Nf3 Be7 5. O-O O-O 6. c4 d5 7. b3 c6 8.
Nbd2 Ne4 9. Bb2 Nd7 10. Ne5 Bf6 11. Ndf3 Qe8 12. Nd3 Qh5 13. Nf4 Qf7 14.
Ne5 Qe7 15. Nfd3 Ng5 16. a4 Re8 17. Qc2 Bxe5 18. dxe5 h6 19. b4 Qf7 20. c5
Nf8 21. Bd4 Ng6 22. e3 Bd7 23. Rfb1 a6 24. Nc1 Rf8 25. Ne2 Qe7 26. h4 Nh7
27. h5 Nh8 28. f4 Be8 29. Bf3 g5 30. hxg6 Bxg6 31. Kf2 Qg7 32. Rh1 Nf7 33.
Qb3 Kh8 34. Rag1 Rg8 35. b5 axb5 36. axb5 Nd8 37. Rh4 Ra5 38. b6 Nf7 39.
Bc3 Rxc5 40. Nd4 Nd8 41. Be2 Bf7 42. Qa3 Rxc3 43. Qxc3 Qf8 44. Rgh1 Rg6 45.
Nb3 Qg7 46. R4h3 Qf8 47. Qc5 Qe8 48. Rxh6 Rxh6 49. Rxh6 Kg7 50. Rh1 Bg6 51.
Qd6 Kg8 52. Qc7 Nf8 53. Nc5 1-0

[Event "Gibtelecom Masters"]
[Site "Gibraltar ENG"]
[Date "2006.01.26"]
[Round "3"]
[White "Baena,A"]
[Black "Thipsay,B"]
[Result "0-1"]
[WhiteElo "2019"]
[BlackElo "2219"]
[EventDate "2006.01.24"]

1. e4 c6 2. d4 d5 3. Nd2 dxe4 4. Nxe4 Nd7 5. Nf3 Ngf6 6. Ng3 e6 7. Bd3 c5
8. c3 cxd4 9. Nxd4 Bc5 10. Be3 O-O 11. O-O Nd5 12. Qh5 g6 13. Qh6 Re8 14.
Ne4 Bf8 15. Qh3 e5 16. Qf3 exd4 17. Bxd4 Ne5 18. Bxe5 Rxe5 19. Bc4 Rf5 20.
Qd3 Be6 21. Rad1 Qc7 22. Bxd5 Bxd5 23. Ng3 Re5 24. f4 Bc4 25. Qc2 Ree8 26.
Ne4 Bxf1 27. Nf6+ Kg7 28. Nxe8+ Rxe8 29. Rxf1 Bc5+ 30. Kh1 Qxf4 0-1

[Event "Gibtelecom Masters"]
[Site "Gibraltar ENG"]
[Date "2006.01.26"]
[Round "3"]
[White "Hamer,M"]
[Black "Gokhale,A"]
[Result "0-1"]
[WhiteElo "2000"]
[BlackElo "2198"]
[EventDate "2006.01.24"]

1. e4 e5 2. Nf3 Nc6 3. Bb5 a6 4. Ba4 Nf6 5. O-O Be7 6. Re1 b5 7. Bb3 d6 8.
c3 O-O 9. d4 Bg4 10. Be3 exd4 11. cxd4 d5 12. e5 Ne4 13. h3 Bh5 14. g4 Bg6
15. a3 Na5 16. Nc3 Nxc3 17. bxc3 Nxb3 18. Qxb3 c6 19. Nd2 f5 20. exf6 Bxf6
21. f4 Bh4 22. Bf2 Bxf2+ 23. Kxf2 Qh4+ 24. Kg2 Rxf4 25. Rf1 Raf8 26. Rxf4
Rxf4 27. Rf1 Rxf1 28. Kxf1 Qg3 0-1

[Event "Gibtelecom Masters"]
[Site "Gibraltar ENG"]
[Date "2006.01.26"]
[Round "3"]
[White "Helin,M"]
[Black "Sundararajan,K"]
[Result "0-1"]
[WhiteElo "1970"]
[BlackElo "2495"]
[EventDate "2006.01.24"]

1. e4 Nc6 2. a3 Nf6 3. Bc4 e6 4. f3 d5 5. Ba2 dxe4 6. fxe4 Nxe4 7. Nf3 Bc5
8. Rf1 O-O 9. d3 Nf6 10. b4 Bd6 11. c3 h6 12. d4 Ng4 13. Qd3 Nxh2 14. Rh1
Ng4 15. Ng5 f5 16. Nxe6 Qe7 17. d5 Nd8 18. Qe2 Nxe6 19. dxe6 Be5 20. Rh3
Bxe6 21. Nd2 Bxa2 22. Rxa2 Rae8 23. Nc4 Qf7 0-1

[Event "Gibtelecom Masters"]
[Site "Gibraltar ENG"]
[Date "2006.01.26"]
[Round "3"]
[White "Suuronen,P"]
[Black "Lagowski,P"]
[Result "0-1"]
[WhiteElo "1931"]
[BlackElo "2393"]
[EventDate "2006.01.24"]

1. g3 e5 2. Bg2 g6 3. d3 Bg7 4. e4 Ne7 5. Nf3 O-O 6. O-O d5 7. c3 Nbc6 8.
Bg5 f6 9. Be3 Be6 10. Re1 Qd7 11. a4 Rad8 12. Qc1 Kh8 13. Bh6 Bxh6 14. Qxh6
dxe4 15. dxe4 g5 16. h3 Qd6 17. h4 Ng8 18. Qh5 Bf7 19. Qg4 h5 20. Qh3 g4
0-1

[Event "Gibtelecom Masters"]
[Site "Gibraltar ENG"]
[Date "2006.01.26"]
[Round "3"]
[White "Rautanen,S"]
[Black "Van den Bersselaar,J"]
[Result "0-1"]
[WhiteElo "1929"]
[BlackElo "2222"]
[EventDate "2006.01.24"]

1. e4 e5 2. Nf3 Nc6 3. Bc4 Nf6 4. d3 Be7 5. Bb3 O-O 6. O-O d6 7. c3 Na5 8.
Bc2 c5 9. Re1 Nc6 10. Nbd2 Qc7 11. Nf1 Be6 12. Ng3 Rad8 13. Qe2 Rfe8 14. h3
d5 15. Ng5 Bc8 16. exd5 Nxd5 17. Qh5 Bxg5 18. Bxg5 f6 19. Bd2 Qf7 20. Qf3
Qg6 21. Ne4 b6 22. Ba4 Bb7 23. h4 Nde7 24. Bb3+ Kh8 25. Be6 f5 26. Ng5 Rf8
27. h5 Qf6 28. Bb3 Na5 29. Qh3 c4 30. Bc2 e4 31. d4 h6 32. Qh4 Nd5 33. b4
cxb3 34. axb3 e3 35. fxe3 hxg5 36. Qg3 f4 37. exf4 Nxf4 38. Bxf4 gxf4 39.
Qd3 Qh6 40. Re5 Nc6 41. Rg5 Rde8 42. Rg6 Qxh5 43. Rg5 Qh6 44. Rg6 Qh7 45.
Qb5 Ne7 46. Re1 f3 47. gxf3 Bxf3 48. Rg2 g6 49. Rh2 Bh5 50. Bd1 Qf7 51.
Bxh5 gxh5 52. Rxh5+ Kg8 53. Qe5 Ng6 54. Qg3 Rxe1+ 55. Qxe1 Qf4 56. Qe6+ Kg7
57. Qd7+ Rf7 58. Qh3 Qf2+ 59. Kh1 Qe1+ 0-1

[Event "Gibtelecom Masters"]
[Site "Gibraltar ENG"]
[Date "2006.01.26"]
[Round "3"]
[White "Reppen,E"]
[Black "Giacopelli,V"]
[Result "0-1"]
[WhiteElo "1851"]
[BlackElo "2102"]
[EventDate "2006.01.24"]

1. d4 d6 2. e4 g6 3. Nf3 Bg7 4. c3 Nf6 5. Bd3 O-O 6. h3 Nc6 7. Be3 e5 8.
dxe5 dxe5 9. O-O Nh5 10. Bc4 h6 11. Bc5 Re8 12. Qb3 Qf6 13. Nbd2 b6 14. Be3
Bb7 15. Nh2 Nf4 16. Ng4 Qe7 17. Rad1 h5 18. Nh2 Na5 19. Qc2 Nxc4 20. Nxc4
Rad8 21. Nf3 Qe6 22. Ncd2 Ba6 23. c4 Ne2+ 24. Kh1 Bb7 25. Nb3 Nd4 26. Nbxd4
exd4 27. Nxd4 Bxd4 28. Bxd4 c5 29. Bxc5 Bxe4 30. Qc3 Rxd1 31. Rxd1 bxc5 32.
f3 Ba8 33. Qa5 Qb6 34. Qc3 Bb7 35. Rd7 Bc8 36. Rd5 Be6 37. Rg5 Bf5 38. Rg3
h4 0-1

[Event "Gibtelecom Masters"]
[Site "Gibraltar ENG"]
[Date "2006.01.26"]
[Round "3"]
[White "Phillips,G"]
[Black "Pannekoek,W"]
[Result "0-1"]
[WhiteElo "1790"]
[BlackElo "2083"]
[EventDate "2006.01.24"]

1. e4 e5 2. Nf3 Nc6 3. Bb5 a6 4. Ba4 Nf6 5. O-O Nxe4 6. Re1 Nc5 7. Bxc6
dxc6 8. Nxe5 Be7 9. d4 Ne6 10. Be3 O-O 11. c4 f6 12. Nf3 f5 13. Nc3 f4 14.
Bc1 Ng5 15. Ne5 f3 16. gxf3 Nxf3+ 17. Nxf3 Bg4 18. Re3 Bg5 19. Rd3 Bxc1 20.
Rxc1 Rxf3 21. Rxf3 Bxf3 0-1